| 000 | 00597nam a2200229 i 4500 | ||
|---|---|---|---|
| 001 | bgj | ||
| 100 | 1 | _aPULVER, Corinne. | |
| 245 | 1 | 0 |
_aMadame de Staël : _bBiographie / _cCorinne Pulver. |
| 260 |
_aMünchen : _bNymphenburger Verlagshandlung, _c1980. |
||
| 300 |
_a334, [32] S. : _bIll. ; _c21 cm. |
||
| 490 | 1 | _v2 | |
| 504 | _aBibliographie S. 314-316. | ||
| 505 | _aRegister. | ||
| 651 | 9 | _aStaël Germaine | |
| 655 | _aBiographie | ||
| 020 | _a348500394X | ||
| 040 | _cBPK | ||
| 041 | 0 | _ager | |
| 920 | _a3-485-00394-X | ||
| 942 | _cKS | ||
| 008 | s gw f |000 0 ger | ||
| 999 |
_c50526 _d50526 |
||
| 856 |
_uhttp://koha.tu.koszalin.pl/cgi-bin/koha/opac-detail.pl?biblionumber=50526 _yKatalog online BPK |
||